[Event "Reykjavik"]
[Site "?"]
[Date "1988.??.??"]
[Round "?"]
[White "Spassky, B."]
[Black "Beliavsky, A."]
[Result "1-0"]
[WhiteElo "2560"]
[BlackElo "2665"]
[PlyCount "81"]
[EventDate "1988.??.??"]
[Source "ChessBase"]
[SourceDate "1988.07.01"]

1. e4 e5 2. Nf3 Nc6 3. Bb5 a6 4. Ba4 Nf6 5. Nc3 b5 6. Bb3 Be7 7. d3 d6 8. Nd5 Nxd5 9. Bxd5 Bd7 10. c3 O-O 11. d4 Qe8 12. O-O Rd8 13. dxe5 dxe5 14. Qe2 Bd6 15. Nh4 Ne7 16. Bb3 c5 17. Be3 c4 18. Bc2 Bc8 19. Bb6 Rd7 20. Rfd1 g6 21. b3 cxb3 22. Bxb3 Ba3 23. Qe3 Rxd1+ 24. Rxd1 Nc6 25. Nxg6 hxg6 26. Qh6 Ne7 27. Bc7 Nf5 28. exf5 Bxf5 29. g4 Be4 30. Re1 Bc1 31. Qxc1 Qc6 32. Qe3 Bh1 33. Qh3 Qxc7 34. Kxh1 Re8 35. Qh6 Qc6+ 36. Kg1 Qf6 37. Rd1 Qc6 38. Rd3 Qe4 39. Rh3 Qe1+ 40. Kg2 Qe4+ 41. Kg3 1-0

[Event "Istanbul ol (Men)"]
[Site "Istanbul"]
[Date "2000.11.01"]
[Round "5"]
[White "Yurtaev, Leonid"]
[Black "Peng Xiaomin"]
[Result "1/2-1/2"]
[WhiteElo "2552"]
[BlackElo "2657"]
[PlyCount "83"]
[EventDate "2000.10.??"]
[Source "www.chesslib.no"]
[SourceDate "2004.05.04"]

1. e4 e5 2. Nf3 Nc6 3. Bb5 a6 4. Ba4 Nf6 5. Nc3 b5 6. Bb3 Be7 7. a4 b4 8. Nd5 O-O 9. Nxf6+ Bxf6 10. c3 Rb8 11. O-O d6 12. a5 Ne7 13. d3 bxc3 14. bxc3 c5 15. Qc2 Nc6 16. Bd5 Qc7 17. Nd2 Rb5 18. Nc4 Nxa5 19. Nxa5 Rxa5 20. Rb1 Rb5 21. Bd2 Be6 22. Bxe6 fxe6 23. Qa2 Qc8 24. c4 Rb7 25. Qa4 Qa8 26. Ra1 Be7 27. Qd1 Ra7 28. Qg4 Qc8 29. Rfb1 Qd7 30. h4 Bd8 31. h5 a5 32. h6 g6 33. Rb5 Qf7 34. Be3 Bc7 35. Qd1 Qf6 36. Rab1 Bd8 37. Qa4 Qf7 38. Rb8 Qc7 39. g3 Be7 40. R8b6 Bd8 41. Rb8 Be7 42. R8b6 1/2-1/2

[Event "Linares"]
[Site "?"]
[Date "1990.??.??"]
[Round "?"]
[White "Spassky, B."]
[Black "Yusupov, A."]
[Result "0-1"]
[WhiteElo "2560"]
[BlackElo "2615"]
[PlyCount "74"]
[EventDate "1990.??.??"]
[Source "ChessBase"]
[SourceDate "1990.01.01"]

1. e4 e5 2. Nf3 Nc6 3. Bb5 a6 4. Ba4 Nf6 5. Nc3 b5 6. Bb3 Be7 7. d3 d6 8. Nd5 Na5 9. Nxe7 Qxe7 10. O-O O-O 11. Bd2 Nxb3 12. axb3 Nd7 13. Re1 Bb7 14. d4 f5 15. exf5 Rxf5 16. dxe5 Rxf3 17. gxf3 Nxe5 18. Bf4 Nxf3+ 19. Qxf3 Qxe1+ 20. Rxe1 Bxf3 21. Re7 Rc8 22. b4 h6 23. h4 Rf8 24. Be3 Rf7 25. Rxf7 Kxf7 26. Bd4 g6 27. Be3 Ke6 28. Bxh6 Kd5 29. Kf1 Kc4 30. c3 Kb3 31. Ke1 Kxb2 32. Kd2 Kb3 33. Ke3 Bd5 34. Kd4 Bc4 35. Bd2 c5+ 36. Ke3 Kc2 37. f4 Kd1 0-1

[Event "Commonwealth-ch"]
[Site "Sangli"]
[Date "2000.??.??"]
[Round "2"]
[White "Yurtaev, Leonid"]
[Black "Ibragimov, Ildar"]
[Result "1-0"]
[WhiteElo "2536"]
[BlackElo "2611"]
[PlyCount "109"]
[EventDate "2000.??.??"]
[Source "www.chesslib.no"]
[SourceDate "2004.05.04"]

1. e4 e5 2. Nf3 Nc6 3. Bb5 a6 4. Ba4 Nf6 5. Nc3 Bc5 6. Nxe5 b5 7. Nxc6 dxc6 8. Bb3 Ng4 9. Qf3 O-O 10. h3 Qh4 11. g3 Ne5 12. Qxf7+ Nxf7 13. gxh4 Kh8 14. f4 Be7 15. h5 c5 16. Bd5 Rb8 17. d3 Rb6 18. a4 b4 19. a5 Rh6 20. Na4 Rxh5 21. Be3 Nd8 22. Kd2 Be6 23. Bxc5 Bxc5 24. Nxc5 Bxd5 25. exd5 Rxf4 26. Rae1 Rf2+ 27. Kc1 Rf8 28. Nd7 Rg8 29. Ne5 h6 30. Rhf1 Kh7 31. Rf3 Re8 32. d4 c5 33. dxc5 Rhxe5 34. Rxe5 Rxe5 35. c6 Nxc6 36. dxc6 Rc5 37. Rb3 Rxc6 38. Rxb4 Rc5 39. Ra4 g5 40. b4 Rc3 41. Kb2 Rxh3 42. Ra1 Rh4 43. Kb3 g4 44. c4 Rh3+ 45. Kb2 g3 46. Rg1 Rh4 47. Kc3 Rg4 48. b5 Kg7 49. b6 Kf6 50. Re1 g2 51. b7 Rg8 52. c5 Re8 53. Rd1 Re3+ 54. Kc2 Re2+ 55. Kc1 1-0

[Event "FRA Team Ch"]
[Site "France"]
[Date "1994.??.??"]
[Round "2"]
[White "Spassky, Boris Vasily"]
[Black "Pinter, Jozsef"]
[Result "1/2-1/2"]
[WhiteElo "2565"]
[BlackElo "2555"]
[PlyCount "27"]
[EventDate "1994.??.??"]
[Source "www.chesslib.no"]
[SourceDate "2004.05.04"]

1. e4 e5 2. Nf3 Nc6 3. Bb5 a6 4. Ba4 Nf6 5. Nc3 b5 6. Bb3 Be7 7. d3 d6 8. Nd5 Na5 9. Nxe7 Qxe7 10. O-O Nxb3 11. axb3 Nd7 12. d4 Bb7 13. Re1 O-O 14. dxe5 1/2-1/2

[Event "Commonwealth-ch"]
[Site "Sangli"]
[Date "2000.??.??"]
[Round "7"]
[White "Vladimirov, Evgeny"]
[Black "Sasikiran, Krishnan"]
[Result "1/2-1/2"]
[WhiteElo "2586"]
[BlackElo "2514"]
[PlyCount "52"]
[EventDate "2000.??.??"]
[Source "www.chesslib.no"]
[SourceDate "2004.05.04"]

1. e4 e5 2. Nf3 Nc6 3. Bb5 a6 4. Ba4 Nf6 5. Nc3 b5 6. Bb3 Be7 7. d3 d6 8. a4 Rb8 9. axb5 axb5 10. Be3 Be6 11. Nd5 Bxd5 12. exd5 Nb4 13. Ng5 Nbxd5 14. Qf3 c6 15. O-O O-O 16. Bd2 Qd7 17. c3 Nb6 18. Rfe1 h6 19. Ne4 Nxe4 20. Rxe4 Kh7 21. g4 f5 22. Re2 fxg4 23. Qe4+ Qf5 24. Qxf5+ Rxf5 25. d4 Kh8 26. Ra7 Bf6 1/2-1/2

[Event "Israel 73/382"]
[Site "?"]
[Date "1998.??.??"]
[Round "?"]
[White "Sutovskij, Emil"]
[Black "Mikhalevski, Alexander"]
[Result "0-1"]
[WhiteElo "2595"]
[BlackElo "2485"]
[PlyCount "56"]
[EventDate "1998.??.??"]
[Source "ChessBase"]
[SourceDate "1998.06.01"]

1. e4 e5 2. Nf3 Nc6 3. Bb5 a6 4. Ba4 Nf6 5. Nc3 Bc5 6. Nxe5 Nxe5 7. d4 Bb4 8. dxe5 Nxe4 9. O-O Nxc3 10. bxc3 Bxc3 11. Ba3 Qh4 12. f4 Bxa1 13. Qd5 Bc3 14. Qc5 b5 15. Qxc3 bxa4 16. Qxc7 Qd8 17. Qd6 Bb7 18. Re1 h5 19. e6 fxe6 20. Rxe6+ Kf7 21. Re7+ Kg8 22. f5 Rh6 23. Qd4 Rf6 24. Bc5 d6 25. Qc4+ Kh8 26. Rxb7 dxc5 27. Qxc5 Qd1+ 28. Kf2 Raf8 0-1

[Event "Acropolis IM Open"]
[Site "Athens"]
[Date "2004.11.18"]
[Round "3"]
[White "Fontaine, Robert"]
[Black "Georgiev, Vladimir"]
[Result "1-0"]
[WhiteElo "2531"]
[BlackElo "2512"]
[PlyCount "75"]
[EventDate "2004.11.16"]
[Source "Roberto Alvarez"]
[SourceDate "2004.11.29"]

1. e4 e5 2. Nf3 Nc6 3. Bb5 a6 4. Ba4 Nf6 5. Nc3 b5 6. Bb3 Be7 7. a4 b4 8. Nd5 d6 9. Nxf6+ Bxf6 10. Bd5 Bd7 11. O-O a5 12. c3 Rb8 13. d4 O-O 14. Bxc6 Bxc6 15. d5 Bd7 16. cxb4 Rxb4 17. Qc2 Qb8 18. Ra2 c6 19. Bd2 cxd5 20. Bxb4 axb4 21. Raa1 Rc8 22. Qd3 dxe4 23. Qxe4 Rc5 24. Rfc1 d5 25. Qe3 Ra5 26. Rc5 d4 27. Qc1 Ra7 28. Qe1 d3 29. Qe4 g6 30. Nxe5 d2 31. Rd1 Bf5 32. Qe3 Rxa4 33. Nxf7 Kxf7 34. Qb3+ Be6 35. Qxa4 Bd4 36. Qc6 Kf6 37. Rxd2 Qf4 38. Re2 1-0

[Event "Commonwealth-ch"]
[Site "?"]
[Date "2000.??.??"]
[Round "8"]
[White "Yurtaev Leonid"]
[Black "Ganguly Surya Shekhar"]
[Result "1-0"]
[WhiteElo "2536"]
[BlackElo "2440"]
[PlyCount "51"]
[EventDate "2000.??.??"]
[Source "www.chesslib.no"]
[SourceDate "2004.05.04"]

1. e4 e5 2. Nf3 Nc6 3. Bb5 a6 4. Ba4 Nf6 5. Nc3 Bc5 6. Nxe5 Nxe5 7. d4 Bb4 8. dxe5 Nxe4 9. O-O Nxc3 10. bxc3 Bxc3 11. Ba3 Qh4 12. f4 b5 13. Bb3 b4 14. Qd5 Rb8 15. Qxf7+ Kd8 16. Qxg7 Re8 17. Rad1 bxa3 18. Rd3 Bb4 19. f5 Bf8 20. Qf7 Bc5+ 21. Kh1 Rxe5 22. f6 Rb4 23. Be6 Rxe6 24. Qxe6 c6 25. f7 Qf4 26. Qe8+ 1-0

[Event "Srbia-chT"]
[Site "YUG"]
[Date "2000.??.??"]
[Round "?"]
[White "Brenjo, Slavisa"]
[Black "Lazic, Miroljub"]
[Result "1/2-1/2"]
[WhiteElo "2492"]
[BlackElo "2478"]
[PlyCount "67"]
[EventDate "2000.??.??"]
[Source "www.chesslib.no"]
[SourceDate "2004.05.04"]

1. e4 e5 2. Nf3 Nc6 3. Bb5 a6 4. Ba4 Nf6 5. Nc3 Bc5 6. d3 h6 7. Be3 Bxe3 8. fxe3 d6 9. a3 Be6 10. O-O O-O 11. Bxc6 bxc6 12. d4 exd4 13. exd4 c5 14. dxc5 dxc5 15. Qxd8 Rfxd8 16. b3 Kf8 17. Rad1 Ke8 18. Kf2 Rxd1 19. Rxd1 Rd8 20. Rxd8+ Kxd8 21. Ke3 Kd7 22. h3 Kc6 23. Ne2 Nd7 24. Nf4 Kd6 25. c4 f5 26. Nxe6 Kxe6 27. exf5+ Kxf5 28. g4+ Ke6 29. Nd2 Nf6 30. Ne4 Nxe4 31. Kxe4 a5 32. h4 g5 33. h5 c6 34. Kf3 1/2-1/2

[Event "Bilbao op"]
[Site "Bilbao"]
[Date "2000.??.??"]
[Round "?"]
[White "Eslon, Jaan"]
[Black "Korneev, Oleg"]
[Result "1/2-1/2"]
[WhiteElo "2350"]
[BlackElo "2619"]
[PlyCount "42"]
[EventDate "2000.??.??"]
[Source "www.chesslib.no"]
[SourceDate "2004.05.04"]

1. e4 e5 2. Nf3 Nc6 3. Bb5 a6 4. Ba4 Nf6 5. Nc3 b5 6. Bb3 Be7 7. O-O d6 8. Nd5 O-O 9. Nxe7+ Nxe7 10. a4 Bb7 11. d3 Ng6 12. Ng5 h6 13. Nh3 d5 14. g3 c5 15. axb5 axb5 16. Rxa8 Qxa8 17. exd5 Bxd5 18. Bxd5 Qxd5 19. Be3 Rd8 20. Qe2 Re8 21. Qd2 Nf8 1/2-1/2

[Event "Tch"]
[Site "Hungary Tch"]
[Date "1989.??.??"]
[Round "?"]
[White "Horvath, Tamas"]
[Black "Pinter, Jozsef"]
[Result "1-0"]
[WhiteElo "2405"]
[BlackElo "2555"]
[PlyCount "69"]
[EventDate "1989.??.??"]
[Source "www.chesslib.no"]
[SourceDate "2004.05.04"]

1. e4 e5 2. Nf3 Nc6 3. Bb5 a6 4. Ba4 Nf6 5. Nc3 b5 6. Bb3 Be7 7. d3 d6 8. Nd5 Na5 9. Nxe7 Qxe7 10. h3 Nd7 11. O-O Bb7 12. Bg5 f6 13. Bd2 Nxb3 14. axb3 O-O 15. Nh4 g6 16. Qg4 Qe8 17. f4 Kh8 18. fxe5 dxe5 19. Rf2 Rf7 20. Raf1 Qe7 21. Qg3 Re8 22. Nf3 Qd6 23. Nh2 Ref8 24. Ng4 h5 25. Nh2 Rg8 26. Nf3 Rh7 27. Nh4 g5 28. Nf5 Qe6 29. b4 Rg6 30. Bc3 c5 31. bxc5 Nxc5 32. Nh4 Rgh6 33. Rxf6 Rxf6 34. Rxf6 Rg7 35. Rf8+ 1-0

[Event "Linares Anibal op 4th"]
[Site "Linares"]
[Date "1997.??.??"]
[Round "1"]
[White "Santos, Carlos P"]
[Black "Giorgadze, Giorgi"]
[Result "0-1"]
[WhiteElo "2340"]
[BlackElo "2595"]
[PlyCount "85"]
[EventDate "1997.02.??"]
[Source "ChessBase"]

1. e4 e5 2. Nf3 Nc6 3. Bb5 a6 4. Ba4 Nf6 5. Nc3 Bc5 6. Nxe5 b5 7. Bb3 Nxe5 8. d4 Bxd4 9. Qxd4 d6 10. a4 c5 11. Qe3 c4 12. Ba2 b4 13. Ne2 O-O 14. O-O Bb7 15. f3 Re8 16. Qd4 d5 17. Bf4 Nc6 18. Qc5 dxe4 19. Rad1 Qc8 20. fxe4 Ne5 21. Qxb4 Bxe4 22. Qc3 Nfd7 23. Ng3 Bg6 24. Rfe1 Qc5+ 25. Be3 Qc6 26. b3 Rac8 27. bxc4 Nc5 28. a5 Na4 29. Qb4 Nxc4 30. Bf2 Nab2 31. Rb1 h5 32. Qc3 Rxe1+ 33. Rxe1 Qa4 34. Bb3 Qxa5 35. Qf3 Nd2 36. Qb7 Qc7 37. Qxa6 Nxb3 38. cxb3 Nd3 39. Rf1 h4 40. Nh1 Nc1 41. Rd1 Qc2 42. Be1 Bd3 43. Qb7 0-1

[Event "Tch (Men) 2005/2006 CRO"]
[Site "?"]
[Date "2006.05.10"]
[Round "1.4"]
[White "Jovanovic Zoran"]
[Black "Atalik Ekaterina"]
[Result "1/2-1/2"]
[WhiteElo "2536"]
[BlackElo "2393"]
[PlyCount "114"]
[EventDate "2006.??.??"]
[Source "www.chesslib.no"]
[SourceDate "2004.05.04"]

1. e4 e5 2. Nf3 Nc6 3. Bb5 a6 4. Ba4 Nf6 5. Nc3 d6 6. Bxc6+ bxc6 7. d4 exd4 8. Qxd4 Be7 9. Bg5 O-O 10. O-O-O h6 11. Bh4 Nd7 12. Bxe7 Qxe7 13. Rhe1 Rb8 14. Qe3 Nb6 15. Nd2 Re8 16. Qg3 Qg5 17. Qxg5 hxg5 18. h3 f6 19. Nf3 c5 20. Nd5 Nxd5 21. exd5 Bf5 22. Nd2 Kf7 23. Nc4 Bd7 24. b3 f5 25. Kd2 f4 26. c3 Kf6 27. Rc1 c6 28. Rxe8 Bxe8 29. Nxd6 cxd5 30. Nxe8+ Rxe8 31. b4 Rc8 32. Rb1 Ke5 33. Kd3 c4+ 34. Kc2 Kd6 35. Kd2 Rb8 36. a4 Rh8 37. Rg1 Ke5 38. Ke2 d4 39. Kd2 Kd5 40. cxd4 Kxd4 41. Kc2 c3 42. Kb3 Kd3 43. Rd1+ Ke2 44. Rd5 Rh5 45. Kxc3 Kxf2 46. Rd2+ Kg3 47. Kc4 g4 48. hxg4 Rh2 49. Rd7 Rxg2 50. Rxg7 f3 51. g5 Rc2+ 52. Kd5 f2 53. Rf7 Rc7 54. Rf5 Kg2 55. b5 axb5 56. axb5 f1=Q 57. Rxf1 Kxf1 1/2-1/2

[Event "Valoz Cup GMA"]
[Site "Olomouc CEC"]
[Date "2007.08.03"]
[Round "4"]
[White "Ismagambetov, An"]
[Black "Zeberski, J."]
[Result "1/2-1/2"]
[WhiteElo "2479"]
[BlackElo "2437"]
[PlyCount "98"]
[EventDate "2007.08.01"]
[Source "www.chesslib.no"]
[SourceDate "2004.05.04"]

1. e4 e5 2. Nf3 Nc6 3. Bb5 a6 4. Ba4 Nf6 5. Nc3 b5 6. Bb3 Be7 7. a4 b4 8. Nd5 d6 9. d3 O-O 10. a5 Rb8 11. Bc4 Nxd5 12. exd5 Na7 13. O-O c5 14. c3 bxc3 15. bxc3 Nb5 16. Qc2 Bg4 17. Nd2 f5 18. Nb3 Kh8 19. f3 Bh5 20. d4 exd4 21. cxd4 Bf6 22. Bb2 Nxd4 23. Bxd4 cxd4 24. Qd3 f4 25. Bxa6 Bg6 26. Qc4 Qe7 27. Nc1 d3 28. Nxd3 Bxa1 29. Rxa1 Bxd3 30. Qxd3 Qe5 31. Rd1 Ra8 32. Kf1 Ra7 33. Re1 Qh5 34. Re6 Qxh2 35. Rxd6 Qh1+ 36. Kf2 Qh4+ 37. Kf1 Re8 38. Re6 Qh1+ 39. Kf2 Rb8 40. Rb6 Re8 41. Re6 Qh4+ 42. Kf1 Rae7 43. Qe4 Qh1+ 44. Kf2 Rxe6 45. dxe6 Qc1 46. Bd3 Qc5+ 47. Kf1 Qc1+ 48. Kf2 Qc5+ 49. Kf1 Qc1+ 1/2-1/2

[Event "Najdorf Festival op"]
[Site "Buenos Aires"]
[Date "1998.10.29"]
[Round "6"]
[White "Rubinetti, Jorge Alberto"]
[Black "Sorin, Ariel"]
[Result "1/2-1/2"]
[WhiteElo "2425"]
[BlackElo "2470"]
[PlyCount "101"]
[EventDate "1998.10.??"]
[Source "ChessBase"]
[SourceDate "1999.01.01"]

1. e4 e5 2. Nf3 Nc6 3. Bb5 a6 4. Ba4 Nf6 5. Nc3 b5 6. Bb3 Be7 7. d3 d6 8. Nd5 Na5 9. Nxe7 Qxe7 10. O-O O-O 11. Re1 Bb7 12. Nh4 Nxb3 13. axb3 d5 14. Nf5 Qe6 15. f3 g6 16. Nh6+ Kh8 17. exd5 Qxd5 18. Qe2 Rae8 19. Qf2 Nd7 20. b4 f5 21. Bg5 Re6 22. Re2 Kg7 23. Rae1 Rfe8 24. Qh4 c5 25. bxc5 Qxc5+ 26. Kh1 Qb6 27. Nf7 h5 28. Nd8 Rd6 29. Nxb7 Qxb7 30. b4 Qd5 31. h3 Qd4 32. Qxd4 Rxd4 33. Bd2 Rc8 34. Ra1 Kf7 35. Be1 Rc6 36. Kg1 g5 37. Ra3 g4 38. Bc3 gxf3 39. gxf3 Rg6+ 40. Rg2 Rdd6 41. Bb2 Rc6 42. Rc3 Nb8 43. Rxc6 Nxc6 44. Bc3 Rxg2+ 45. Kxg2 f4 46. Kf2 Ke6 47. Be1 Kd5 48. c3 Ne7 49. Ke2 Nf5 50. Bf2 Nd6 51. Kd2 1/2-1/2

[Event "Gran Canaria op"]
[Site "Las Palmas"]
[Date "1997.??.??"]
[Round "?"]
[White "Damaso, Rui"]
[Black "Brito Garcia, Alfredo"]
[Result "1/2-1/2"]
[WhiteElo "2485"]
[BlackElo "2405"]
[PlyCount "64"]
[EventDate "1997.??.??"]
[Source "www.chesslib.no"]
[SourceDate "2004.05.04"]

1. e4 e5 2. Nf3 Nc6 3. Bb5 a6 4. Ba4 Nf6 5. Nc3 b5 6. Bb3 Be7 7. a4 b4 8. Nd5 d6 9. d4 Bb7 10. dxe5 dxe5 11. Nxf6+ Bxf6 12. Bd5 O-O 13. O-O Qb8 14. Bg5 Bxg5 15. Nxg5 h6 16. Nf3 Qa7 17. Qd3 Qc5 18. Nd2 a5 19. Nb3 Qb6 20. Qb5 Nd8 21. Nc5 Bc6 22. Qxb6 cxb6 23. Nd7 Bxd7 24. Bxa8 Ne6 25. Bd5 Nd4 26. b3 Rc8 27. Bc4 Be6 28. Bxe6 fxe6 29. Ra2 Rc3 30. f3 Nxc2 31. Rb2 Nd4 32. Rfb1 Kf7 1/2-1/2

[Event "Odorheiu Secuiesc zt"]
[Site "Odorheiu Secuiesc"]
[Date "1995.??.??"]
[Round "4"]
[White "Ninov, Nikolai"]
[Black "Delchev, Aleksander"]
[Result "1/2-1/2"]
[WhiteElo "2435"]
[BlackElo "2450"]
[PlyCount "36"]
[EventDate "1995.03.??"]
[Source "ChessBase"]

1. e4 e5 2. Nf3 Nc6 3. Bb5 a6 4. Ba4 Nf6 5. Nc3 b5 6. Bb3 Be7 7. Nd5 Nxe4 8. Nxe5 Nxe5 9. Qe2 O-O 10. Qxe4 Bd6 11. d4 Nc4 12. Ne3 Rb8 13. Bxc4 bxc4 14. O-O Re8 15. Qg4 Re6 16. Nxc4 Bxh2+ 17. Kxh2 d5 18. Bg5 Rh6+ 1/2-1/2

[Event "Gran Canaria op"]
[Site "Las Palmas"]
[Date "1997.??.??"]
[Round "?"]
[White "Damaso, Rui"]
[Black "Lezcano Jaen, Pedro"]
[Result "0-1"]
[WhiteElo "2485"]
[BlackElo "2390"]
[PlyCount "55"]
[EventDate "1997.??.??"]
[Source "www.chesslib.no"]
[SourceDate "2004.05.04"]

1. e4 e5 2. Nf3 Nc6 3. Bb5 a6 4. Ba4 Nf6 5. Nc3 b5 6. Bb3 Be7 7. a4 b4 8. Nd5 d6 9. d4 Rb8 10. dxe5 dxe5 11. Be3 O-O 12. Qe2 h6 13. O-O-O Bd6 14. g4 Nxg4 15. Rdg1 Ne7 16. Rxg4 Nxd5 17. Rxg7+ Kxg7 18. Rg1+ Kh8 19. Bxh6 Rg8 20. Ng5 Nf4 21. Qd1 Rxg5 22. Bxg5 Be7 23. Bxf7 Qxd1+ 24. Kxd1 Nh3 25. Bxe7 Nxg1 26. Bf6+ Kh7 27. Bxe5 Bg4+ 28. Kc1 0-1

[Event "World Open"]
[Site "Philadelphia, PA USA"]
[Date "1991.??.??"]
[Round "?"]
[White "Ashley, Maurice"]
[Black "Giorgadze, Giorgi"]
[Result "1/2-1/2"]
[WhiteElo "2355"]
[BlackElo "2515"]
[PlyCount "56"]
[EventDate "1991.07.??"]
[Source "www.chesslib.no"]
[SourceDate "2004.05.04"]

1. e4 e5 2. Nf3 Nc6 3. Bb5 a6 4. Ba4 Nf6 5. Nc3 b5 6. Bb3 Be7 7. O-O d6 8. a4 Rb8 9. axb5 axb5 10. h3 O-O 11. Qe2 Bd7 12. Nxb5 Nxe4 13. Qxe4 Rxb5 14. d4 exd4 15. Nxd4 Nxd4 16. Qxd4 Bf6 17. Qd3 Qb8 18. Re1 Qb7 19. Ba4 Rd5 20. Qf3 c6 21. Bb3 Rb5 22. Bf4 d5 23. Be5 Bxe5 24. Rxe5 Be6 25. Qe3 c5 26. Rxe6 d4 27. Qf4 Rxb3 28. Re5 Rb5 1/2-1/2

[Event "ROM Team Ch"]
[Site "Romania"]
[Date "1993.??.??"]
[Round "2"]
[White "Bach, Adrian"]
[Black "Marin, Mihail"]
[Result "0-1"]
[WhiteElo "2345"]
[BlackElo "2515"]
[PlyCount "80"]
[EventDate "1993.??.??"]
[Source "www.chesslib.no"]
[SourceDate "2004.05.04"]

1. e4 e5 2. Nf3 Nc6 3. Bb5 a6 4. Ba4 Nf6 5. Nc3 b5 6. Bb3 Be7 7. d3 d6 8. a4 b4 9. Nd5 a5 10. h3 O-O 11. Be3 Nb8 12. O-O Nbd7 13. Nh4 Nc5 14. Bxc5 dxc5 15. Nf3 Bd6 16. Ne3 Qe7 17. Qd2 g6 18. Nc4 Kg7 19. Kh2 Bd7 20. Rae1 Nh5 21. g3 f6 22. Ne3 Qe8 23. Bd5 Bxa4 24. Bxa8 Qxa8 25. b3 Be8 26. Nc4 Bf7 27. Qe2 a4 28. bxa4 Qxa4 29. Ra1 Qd7 30. Nfd2 Be6 31. Ra7 Bxh3 32. Nxd6 Bxf1 33. Nf5+ Qxf5 34. Rxc7+ Rf7 35. Rxf7+ Kxf7 36. exf5 Bxe2 37. fxg6+ hxg6 38. Ne4 Bd1 39. Nxc5 Bxc2 40. Kg2 b3 0-1

[Event "Medina del Campo op"]
[Site "?"]
[Date "2001.??.??"]
[Round "7"]
[White "Damaso Rui"]
[Black "Iruzubieta Villaluenga Jesus "]
[Result "1-0"]
[WhiteElo "2414"]
[BlackElo "2430"]
[PlyCount "62"]
[EventDate "2001.??.??"]
[Source "www.chesslib.no"]
[SourceDate "2004.05.04"]

1. e4 e5 2. Nf3 Nc6 3. Bb5 a6 4. Ba4 Nf6 5. Nc3 b5 6. Bb3 Bb7 7. d3 Bd6 8. a3 O-O 9. Ne2 h6 10. g4 Nxg4 11. Ng3 Bc5 12. Qe2 Bxf2+ 13. Kf1 Bb6 14. Nf5 Qf6 15. h3 Nf2 16. Rh2 Na5 17. Ba2 d5 18. Rxf2 Bxf2 19. Kxf2 Rad8 20. Bd2 dxe4 21. dxe4 Nc4 22. Bxc4 bxc4 23. Rg1 g6 24. Nxh6+ Kh8 25. Bc3 Kh7 26. Ng4 Qb6+ 27. Ke1 f6 28. Nf2 Rd7 29. Rg3 Qc6 30. Nh4 Rg8 31. Qg4 Bc8 1-0

[Event "HUN Ch"]
[Site "HUN"]
[Date "1989.??.??"]
[Round "?"]
[White "Szalanczy, Emil"]
[Black "Petran, Pal"]
[Result "1/2-1/2"]
[WhiteElo "2400"]
[BlackElo "2440"]
[PlyCount "80"]
[EventDate "1989.05.??"]
[Source "www.chesslib.no"]
[SourceDate "2004.05.04"]

1. e4 e5 2. Nf3 Nc6 3. Bb5 a6 4. Ba4 Nf6 5. Nc3 b5 6. Bb3 Be7 7. d3 d6 8. Nd5 Na5 9. Nxe7 Qxe7 10. O-O Nxb3 11. axb3 h6 12. Qe2 O-O 13. h3 Nh7 14. Bd2 f5 15. exf5 Bxf5 16. b4 Qd7 17. Nh2 Nf6 18. g4 Be6 19. f4 exf4 20. Rxf4 Bd5 21. Bc3 Nh7 22. Rxf8+ Rxf8 23. Rf1 Re8 24. Qf2 Ng5 25. Qg3 Re2 26. Rf2 Qe7 27. Nf1 Bb7 28. h4 Rxf2 29. Kxf2 Nf3 30. Ne3 Nxh4 31. Nf5 Nxf5 32. gxf5 Qg5 33. Qxg5 hxg5 34. f6 gxf6 35. Bxf6 g4 36. Bd8 c5 37. bxc5 dxc5 38. c4 bxc4 39. dxc4 Be4 40. Be7 Bd3 1/2-1/2

[Event "Berlin Open"]
[Site "Berlin West"]
[Date "1988.??.??"]
[Round "2"]
[White "Beckemeier, Werner"]
[Black "Ekstroem, Roland"]
[Result "1/2-1/2"]
[WhiteElo "2380"]
[BlackElo "2440"]
[PlyCount "107"]
[EventDate "1988.08.??"]
[Source "www.chesslib.no"]
[SourceDate "2004.05.04"]

1. e4 e5 2. Nf3 Nc6 3. Bb5 a6 4. Ba4 Nf6 5. Nc3 Bb4 6. Nd5 Be7 7. O-O O-O 8. Re1 d6 9. c3 b5 10. Bc2 Be6 11. Nxe7+ Nxe7 12. d4 Ng6 13. h3 h6 14. Be3 Qc8 15. Kh2 Re8 16. a4 Qb7 17. Nd2 Bd7 18. axb5 axb5 19. Rxa8 Qxa8 20. dxe5 dxe5 21. Nb3 Bc6 22. f3 Nh5 23. Nc5 Nhf4 24. Bb3 Qc8 25. Qc2 Rd8 26. Rd1 Rd6 27. Rxd6 cxd6 28. Nd3 Nxd3 29. Qxd3 Qd7 30. c4 Ne7 31. cxb5 Bxb5 32. Qc3 Kf8 33. Qa5 g5 34. h4 f6 35. Ba2 f5 36. Qb4 f4 37. Bd2 Kg7 38. Qb3 Qe8 39. Qe6 Nc8 40. Bb4 Qxe6 41. Bxe6 Ba6 42. Bxc8 Bxc8 43. Bxd6 Kf6 44. h5 g4 45. Bf8 g3+ 46. Kg1 Kg5 47. Bg7 Kxh5 48. Bxe5 Kg5 49. b4 Ba6 50. Bd6 Bc4 51. Be5 h5 52. Bd4 Bb5 53. Bc3 Be2 54. Be5 1/2-1/2

[Event "Las Vegas USA"]
[Site "?"]
[Date "2006.06.17"]
[Round "3"]
[White "Fontaine Robert"]
[Black "Atoufi Pedram"]
[Result "1-0"]
[WhiteElo "2521"]
[BlackElo "2295"]
[PlyCount "69"]
[EventDate "2006.??.??"]
[Source "www.chesslib.no"]
[SourceDate "2004.05.04"]

1. e4 e5 2. Nf3 Nc6 3. Bb5 a6 4. Ba4 Nf6 5. Nc3 b5 6. Bb3 Be7 7. a4 b4 8. Nd5 Nxe4 9. d4 exd4 10. O-O Nc5 11. Nxd4 Nxd4 12. Qxd4 Ne6 13. Qg4 h5 14. Qe4 c6 15. Nxe7 Qxe7 16. Bd2 a5 17. Rfe1 d5 18. Qe5 f6 19. Qf5 Kf7 20. c4 bxc3 21. Bxc3 g6 22. Qd3 Re8 23. Bc2 f5 24. Qg3 c5 25. Re5 d4 26. Bd2 Qf6 27. Rae1 Ba6 28. Qf3 Rad8 29. Bxf5 Ng7 30. Rxe8 Nxe8 31. Be6+ Kg7 32. Qc6 Bd3 33. Qxc5 Rd6 34. Qa7+ Kh8 35. Bf5 1-0

[Event "ROM Team Ch"]
[Site "Romania"]
[Date "1995.??.??"]
[Round "?"]
[White "Varga, Zalan"]
[Black "Marin, Mihail"]
[Result "1/2-1/2"]
[WhiteElo "2275"]
[BlackElo "2540"]
[PlyCount "22"]
[EventDate "1995.??.??"]
[Source "www.chesslib.no"]
[SourceDate "2004.05.04"]

1. e4 e5 2. Nf3 Nc6 3. Bb5 a6 4. Ba4 Nf6 5. Nc3 b5 6. Bb3 Be7 7. d3 d6 8. a4 b4 9. Nd5 Na5 10. Nxb4 Rb8 11. Bd2 c5 1/2-1/2

[Event "Buenos Aires Open"]
[Site "Buenos Aires ARG"]
[Date "1990.??.??"]
[Round "8"]
[White "Slipak, Sergio"]
[Black "Servat, Roberto"]
[Result "1/2-1/2"]
[WhiteElo "2360"]
[BlackElo "2455"]
[PlyCount "35"]
[EventDate "1990.??.??"]
[Source "www.chesslib.no"]
[SourceDate "2004.05.04"]

1. e4 e5 2. Nf3 Nc6 3. Bb5 a6 4. Ba4 Nf6 5. Nc3 b5 6. Bb3 Be7 7. d3 d6 8. a4 b4 9. Nd5 Na5 10. Nxb4 Rb8 11. Nd5 Nxb3 12. Nxf6+ Bxf6 13. cxb3 Bg4 14. Bd2 c5 15. Rc1 O-O 16. Rc3 Bxf3 17. Qxf3 Bg5 18. Be3 1/2-1/2

[Event "26 Victor Syre Mem"]
[Site "Issy les Moulineaux"]
[Date "2003.05.??"]
[Round "5.2"]
[White "Shirazi, Kamran"]
[Black "Le Roux, Jean Pierre"]
[Result "1/2-1/2"]
[WhiteElo "2437"]
[BlackElo "2377"]
[PlyCount "51"]
[EventDate "2003.05.29"]
[Source "Roberto Alvarez"]
[SourceDate "2003.06.16"]

1. e4 e5 2. Nf3 Nc6 3. Bb5 a6 4. Ba4 Nf6 5. Nc3 b5 6. Bb3 Be7 7. a4 b4 8. Nd5 O-O 9. d3 Na5 10. Nxe5 Nxb3 11. cxb3 Nxd5 12. exd5 Bd6 13. Nc4 Qf6 14. O-O Bb7 15. Qh5 Qd4 16. Be3 Qxd5 17. Qxd5 Bxd5 18. Nxd6 cxd6 19. a5 Bxb3 20. Rfc1 Rfc8 21. Bd2 Bc2 22. Bxb4 Bxd3 23. Bxd6 Rxc1+ 24. Rxc1 Re8 25. h4 f6 26. Rd1 1/2-1/2